[Event "Gibraltar Masters 2015"]
[Site "Caleta ENG"]
[Date "2015.01.29"]
[Round "3.91"]
[White "Hamer, Martyn"]
[Black "Viana, Dirceu"]
[Result "1-0"]
[BlackTitle "FM"]
[WhiteElo "2014"]
[BlackElo "2268"]
[WhiteFideId "413160"]
[BlackFideId "2101360"]
[EventDate "2015.01.27"]

1. Nf3 d5 2. d4 Nf6 3. c4 c6 4. Qc2 dxc4 5. Qxc4 Bg4 6. Nc3 Nbd7 7. e4 Bxf3 8.
gxf3 e5 9. Be3 Bd6 10. O-O-O Qe7 11. h4 O-O 12. Bh3 Rfd8 13. Rdg1 exd4 14. Bh6
g6 15. Qxd4 Bc5 16. Qd2 Ne5 17. Qe2 Nd3+ 18. Kb1 Nxf2 19. Rf1 Nxh1 20. Rxh1 Nh5
21. Qg2 Qe5 22. Bg4 Bd6 23. Bg5 f6 24. Bh6 Bf8 25. Bc1 Nf4 26. Qc2 Rd6 27. Qb3+
Kh8 28. h5 g5 29. Bf5 Re8 30. Bxf4 gxf4 31. Rg1 Rde6 32. Bxe6 Qxe6 33. Qxb7 f5
34. Qxa7 Qf6 35. exf5 Qxf5+ 36. Ne4 Qe5 37. Rg5 Qe7 38. Qxe7 Rxe7 39. Rf5 Bg7
40. Rxf4 Re5 41. b4 Rxh5 42. a4 Be5 43. Rf7 Rh2 44. Rb7 Rb2+ 45. Kc1 h5 46. f4
Bd4 47. f5 Re2 48. Ng3 Ra2 49. Nxh5 Rxa4 50. Kc2 Ra3 51. f6 Rf3 52. f7 Be5 53.
Rd7 Bg7 54. Nxg7 Kxg7 55. Rc7 Rxf7 56. Rxc6 Rf3 57. Rc3 Rf4 58. Kb3 Kf8 59. Re3 1-0

[Event "Gibraltar Masters 2015"]
[Site "Caleta ENG"]
[Date "2015.01.29"]
[Round "3.92"]
[White "Prosviriakov, Vladimir"]
[Black "Henderson de La Fuente, Lance"]
[Result "1/2-1/2"]
[WhiteTitle "IM"]
[WhiteElo "2257"]
[BlackElo "2014"]
[WhiteFideId "2004860"]
[BlackFideId "32096585"]
[EventDate "2015.01.27"]

1. d4 Nf6 2. Nf3 e6 3. Bg5 Be7 4. Nbd2 d5 5. e3 Nbd7 6. Bd3 b6 7. c3 Bb7 8. O-O
Ne4 9. Bxe7 Qxe7 10. Ne5 Nxe5 11. dxe5 Nxd2 12. Qxd2 O-O 13. Qc2 g6 14. Qa4 c5
15. Ba6 Bxa6 16. Qxa6 f6 17. exf6 Rxf6 18. a4 Raf8 19. a5 e5 20. axb6 axb6 21.
Rad1 Qf7 22. f3 Rd8 23. Qa2 Rfd6 24. f4 exf4 25. Rxf4 Qe6 26. e4 d4 27. Qxe6+
Rxe6 28. cxd4 cxd4 29. e5 Rxe5 30. Rfxd4 Rxd4 31. Rxd4 1/2-1/2

[Event "Gibraltar Masters 2015"]
[Site "Caleta ENG"]
[Date "2015.01.29"]
[Round "3.93"]
[White "Spence, David J"]
[Black "Tranter, Stephen"]
[Result "1-0"]
[WhiteElo "2231"]
[BlackElo "1997"]
[WhiteFideId "407429"]
[BlackFideId "426113"]
[EventDate "2015.01.27"]

1. e4 c6 2. d4 d5 3. Nd2 dxe4 4. Nxe4 Nf6 5. Nxf6+ gxf6 6. c3 Qd5 7. Nf3 Bg4 8.
Be2 Nd7 9. c4 Qa5+ 10. Bd2 Qc7 11. O-O Rg8 12. Re1 h5 13. Qc1 O-O-O 14. Bf4 e5
15. dxe5 fxe5 16. Nxe5 Bd6 17. Bxg4 hxg4 18. Nd3 Rh8 19. Qe3 Nb6 20. b3 Rh7 21.
Qg3 f5 22. Rad1 Bxf4 23. Qxf4 Qxf4 24. Nxf4 Rhd7 25. Rxd7 Rxd7 26. Re8+ Rd8 27.
Rxd8+ Kxd8 28. Ne6+ Ke7 29. Nc5 Nxc4 30. bxc4 b5 31. cxb5 cxb5 32. Kf1 a5 33.
Nb3 a4 34. Nd4 1-0

[Event "Gibraltar Masters 2015"]
[Site "Caleta ENG"]
[Date "2015.01.29"]
[Round "3.94"]
[White "Dolzhikova, Olga"]
[Black "Boyer Censore, Giuseppe Enmanuel"]
[Result "1/2-1/2"]
[WhiteTitle "WGM"]
[WhiteElo "2194"]
[BlackElo "1960"]
[WhiteFideId "14105870"]
[BlackFideId "3909085"]
[EventDate "2015.01.27"]

1. e4 c5 2. c3 d5 3. exd5 Qxd5 4. d4 g6 5. Na3 a6 6. Nf3 Bg7 7. Bc4 Qe4+ 8. Be3
Nh6 9. dxc5 O-O 10. O-O Nc6 11. Bd5 Qf5 12. Bxc6 bxc6 13. Nc4 Bb7 14. Qe2 Rae8
15. h3 Qc8 16. Rad1 Qc7 17. Bxh6 Bxh6 18. Nfe5 Rd8 19. Rxd8 Rxd8 20. Rd1 Rd5 21.
Nd3 Bg7 22. Ne3 Rd7 23. Nb4 a5 24. Nbc2 h5 25. a4 Bf6 26. Rxd7 Qxd7 27. Qd1 Qc8
28. Nc4 Qc7 29. N2e3 Bc8 30. Qb3 Be6 31. Qb6 Qf4 32. Qd8+ Kg7 33. Qd3 h4 34. b3
Qg5 35. b4 axb4 36. cxb4 Bxh3 37. Qe4 Bc3 38. Qxc6 Bxb4 39. Qd5 e5 40. Qxe5+
Qxe5 41. Nxe5 Be6 42. c6 Kf8 43. Nf3 Ke7 44. Nd4 Ba2 45. Kf1 Kd6 46. Ke2 Ba5 47.
Kd3 Kc5 48. Nec2 Bd5 49. f3 Bc4+ 50. Ke4 Bd8 51. Ke3 Bf1 52. Kf2 Bc4 1/2-1/2

[Event "Gibraltar Masters 2015"]
[Site "Caleta ENG"]
[Date "2015.01.29"]
[Round "3.95"]
[White "Byron, Alan M"]
[Black "Othman, Mustapha"]
[Result "1-0"]
[WhiteElo "2188"]
[BlackElo "1968"]
[WhiteFideId "401773"]
[BlackFideId "8500797"]
[EventDate "2015.01.27"]

1. d4 Nf6 2. Nf3 g6 3. Nc3 d5 4. Bf4 Bg7 5. Qd2 Ne4 6. Nxe4 dxe4 7. Ne5 c5 8. e3
O-O 9. c3 f6 10. Nc4 b5 11. Na3 cxd4 12. exd4 a6 13. Nc2 e5 14. dxe5 Qxd2+ 15.
Bxd2 f5 16. a4 Bb7 17. axb5 axb5 18. Rxa8 Bxa8 19. Bxb5 Bxe5 20. O-O f4 21. Ra1
Bc6 22. Bxc6 Nxc6 23. Re1 Rd8 24. Bc1 Rd3 25. Rxe4 Bxc3 26. bxc3 Rxc3 27. Bxf4
Rxc2 28. Bh6 Kf7 29. Bg5 Kg7 30. h4 h6 31. Be3 h5 32. Bg5 Rc5 33. g3 Rf5 34. Be3
Rf7 35. Bc5 Rf5 36. Ba3 Kf7 37. Rc4 Ra5 38. Bb2 Rb5 39. Rf4+ Rf5 40. Rc4 Rb5 41.
Bc3 Ne7 42. Kg2 Nd5 43. Bd2 Ke6 44. Bg5 Kf5 45. Rc8 Rb2 46. Rf8+ Ke6 47. Rf3 Ra2
48. Rf8 Rb2 49. Kf3 Rb3+ 50. Ke4 Rb4+ 51. Kd3 Ke5 52. Ra8 Rd4+ 53. Ke2 Nc3+ 54.
Kf3 Rd3+ 55. Kg2 Ne4 56. Re8+ Kf5 57. Rf8+ Ke5 58. Bf4+ Ke6 59. Re8+ Kd5 60.
Re5+ Kd4 61. Re6 Ra3 62. Rxg6 Ra2 63. Be3+ Ke5 64. Rh6 Kf5 65. Rxh5+ Kg4 66. Rh7
Nxg3 67. Rg7+ Kxh4 68. Rxg3 Re2 69. Kf3 Ra2 70. Rg6 1-0

[Event "Gibraltar Masters 2015"]
[Site "Caleta ENG"]
[Date "2015.01.29"]
[Round "3.96"]
[White "Heinemann, Josefine"]
[Black "Machlik, Edit"]
[Result "1-0"]
[WhiteElo "2160"]
[BlackElo "1913"]
[WhiteFideId "12900460"]
[BlackFideId "1513591"]
[EventDate "2015.01.27"]

1. e4 c6 2. d4 d5 3. Nd2 dxe4 4. Nxe4 Bf5 5. Ng3 Bg6 6. h4 h6 7. Nf3 Nd7 8. h5
Bh7 9. Bd3 Bxd3 10. Qxd3 e6 11. Bd2 Qc7 12. O-O-O Ngf6 13. Ne4 O-O-O 14. Kb1 Nc5
15. Nxc5 Bxc5 16. c4 Qe7 17. a3 Ng4 18. Rhf1 Nf6 19. Rh1 Ng4 20. Be1 Rd7 21. Qe2
Bb6 22. Bc3 Rg8 23. Rh4 f5 24. Rhh1 Bc7 25. Rhe1 Re8 26. Nd2 Qh4 27. f3 Nf6 28.
Rh1 Qg5 29. Qf2 Nxh5 30. d5 exd5 31. Qxa7 Bb8 32. Qa8 Nf4 33. Nb3 Ne6 34. cxd5
Nc7 35. Qa5 Rxd5 36. Rxd5 Nxd5 37. Rc1 Nxc3+ 38. Rxc3 Re5 39. Qb4 Qe7 40. Qc4
Re1+ 41. Ka2 Be5 42. Rc2 Bc7 43. Qg8+ Bd8 44. Rd2 Re5 45. f4 Re6 46. Rxd8+ 1-0

[Event "Gibraltar Masters 2015"]
[Site "Caleta ENG"]
[Date "2015.01.29"]
[Round "3.97"]
[White "Varga, Klara"]
[Black "Whatley, Stephen A J"]
[Result "1/2-1/2"]
[WhiteTitle "WIM"]
[WhiteElo "2145"]
[BlackElo "1949"]
[WhiteFideId "733210"]
[BlackFideId "420441"]
[EventDate "2015.01.27"]

1. c4 f5 2. g3 Nf6 3. Bg2 d6 4. Nc3 g6 5. d3 Bg7 6. e4 c6 7. Nge2 O-O 8. O-O e5
9. b4 Be6 10. exf5 gxf5 11. f4 a5 12. b5 Qb6+ 13. Kh1 Ng4 14. Qe1 e4 15. h3 Ne3
16. Qf2 Nxc4 17. dxc4 Qxf2 18. Rxf2 Bxc4 19. Rb1 Bd3 20. Rb3 Bc4 21. Rb1 Bd3 22.
Rb3 Bc4 23. bxc6 Bxb3 24. cxb7 Ra7 25. axb3 Rxb7 26. g4 Rc8 27. Nd5 Rc5 28. Ne3
Rxb3 29. Nxf5 a4 30. Nxg7 Kxg7 31. Kh2 Rc4 32. f5 a3 33. Bxa3 Rxa3 34. Nf4 Nd7
35. Ne6+ Kf6 36. g5+ Ke5 37. Nd8 Ra8 38. Nf7+ Kd5 39. g6 hxg6 40. fxg6 Rg8 41.
h4 Rxg6 42. Ng5 Nf6 43. Rf5+ Kc6 44. Rf4 d5 45. Nf7 Ng4+ 46. Rxg4 Rxg4 47. Ne5+
Kd6 48. Nxg4 Rc8 49. Kg3 Rf8 50. h5 Kc5 51. h6 Kd4 52. h7 e3 53. Nxe3 Kxe3 1/2-1/2

[Event "Gibraltar Masters 2015"]
[Site "Caleta ENG"]
[Date "2015.01.29"]
[Round "3.98"]
[White "Bar, Aviv"]
[Black "Kristinsson, Magnus"]
[Result "1-0"]
[WhiteElo "2142"]
[BlackElo "1744"]
[WhiteFideId "2806339"]
[BlackFideId "2305682"]
[EventDate "2015.01.27"]

1. Nf3 Nf6 2. c4 g6 3. Nc3 d5 4. cxd5 Nxd5 5. Qb3 Nb6 6. d4 Be6 7. Qa3 Bc4 8. b3
Ba6 9. Be3 N8d7 10. g3 Bg7 11. Rc1 O-O 12. Bg2 Re8 13. O-O Nf6 14. Rfe1 c6 15.
Bd2 Nbd7 16. Bf4 Nh5 17. Bg5 h6 18. Bd2 Nhf6 19. Rcd1 Qb6 20. Na4 Qb5 21. e4 c5
22. d5 Rac8 23. Bf1 c4 24. Nd4 1-0

[Event "Gibraltar Masters 2015"]
[Site "Caleta ENG"]
[Date "2015.01.29"]
[Round "3.99"]
[White "Byrn, Carsten"]
[Black "Jurdao Perez, Marcos Ernesto"]
[Result "1-0"]
[WhiteElo "2044"]
[BlackElo "2131"]
[WhiteFideId "1406345"]
[BlackFideId "2231930"]
[EventDate "2015.01.27"]

1. d4 e6 2. c4 d5 3. Nf3 Nf6 4. Nc3 c6 5. g3 Nbd7 6. Bg2 Bd6 7. O-O h6 8. Nd2
O-O 9. e4 dxe4 10. Ndxe4 Bc7 11. b3 Nxe4 12. Nxe4 Nf6 13. Bb2 Nxe4 14. Bxe4 Re8
15. Rc1 Bd7 16. Bc2 Qe7 17. Qd3 f5 18. f4 Rad8 19. c5 Bc8 20. Qc4 Kh8 21. Bd1
Kh7 22. b4 Rg8 23. Rc2 b6 24. Bf3 b5 25. Qe2 Bd7 26. d5 cxd5 27. Bxd5 Qf7 28.
Bf3 a6 29. Rd2 Bc8 30. Rfd1 Rxd2 31. Rxd2 Qe7 32. Be5 Rd8 33. Bxc7 Qxc7 34. Qd1
Rxd2 35. Qxd2 e5 36. Qd6 Qxd6 37. cxd6 e4 38. Be2 Kg8 39. Bh5 Kf8 40. Kf2 g5 41.
h3 gxf4 42. gxf4 Bd7 43. Ke3 Be8 44. Bd1 Bf7 45. Kd4 Bc4 46. Bh5 Be6 47. Kc5 e3
48. Kc6 1-0

[Event "Gibraltar Masters 2015"]
[Site "Caleta ENG"]
[Date "2015.01.29"]
[Round "3.100"]
[White "Rodriguez Alvarez, Vidal"]
[Black "Kim, Yongjoo"]
[Result "1-0"]
[WhiteElo "2122"]
[BlackElo "1903"]
[WhiteFideId "3901343"]
[BlackFideId "13201352"]
[EventDate "2015.01.27"]

1. d4 d5 2. c4 c6 3. Nf3 Nf6 4. Nc3 dxc4 5. a4 Bf5 6. Ne5 Nbd7 7. Nxc4 Nb6 8.
Ne5 a5 9. f3 Nfd7 10. Nd3 Bxd3 11. Qxd3 e5 12. e4 f6 13. Be3 exd4 14. Bxd4 Bc5
15. Rd1 O-O 16. Be2 Qe7 17. Qe3 Bxd4 18. Rxd4 Qc5 19. Kf2 Ne5 20. Rhd1 Rae8 21.
f4 Nf7 22. Rb1 Nd5 23. Nxd5 cxd5 24. Rxd5 Qc2 25. Rc1 Qxe4 26. Qxe4 Rxe4 27. Rc7
Rxf4+ 28. Kg3 Rxa4 29. Bc4 Rb4 30. Rxa5 Rxb2 31. Rxf7 Rb4 32. Bd5 b6 33. Rxf6+ 1-0

[Event "Gibraltar Masters 2015"]
[Site "Caleta ENG"]
[Date "2015.01.29"]
[Round "3.101"]
[White "Klug, Christian"]
[Black "Osuna Vega, Enrique"]
[Result "0-1"]
[BlackTitle "CM"]
[WhiteElo "1884"]
[BlackElo "2108"]
[WhiteFideId "24621722"]
[BlackFideId "2219549"]
[EventDate "2015.01.27"]

1. e4 d6 2. d4 Nf6 3. Nc3 e5 4. Nf3 Nbd7 5. g3 c6 6. Bg2 g6 7. O-O Qc7 8. a4 a5
9. Qe2 Bg7 10. dxe5 dxe5 11. b3 O-O 12. Ba3 Re8 13. Nd2 b6 14. Rfe1 Ba6 15. Qf3
Nf8 16. Bf1 Bxf1 17. Rxf1 Ne6 18. Ne2 Nd7 19. Rfd1 Ndc5 20. Bxc5 Nxc5 21. Nc4
Red8 22. Nc3 Ne6 23. Rxd8+ Qxd8 24. Kg2 Qc7 25. Rd1 Bf8 26. Ne2 b5 27. Nb2 Bc5
28. Qc3 Bb4 29. Qe3 Rd8 30. Rxd8+ Qxd8 31. Nd3 bxa4 32. bxa4 Qb8 33. f4 exf4 34.
Nexf4 Qd6 35. Nxe6 Qxe6 36. Qd4 Bf8 37. Kf3 h5 38. e5 Qh3 39. Qh4 Qf1+ 40. Nf2
Bc5 41. Qd8+ Kh7 42. Qd2 Kg7 43. Qe2 Qa1 44. Ne4 Qxe5 45. Nxc5 Qxc5 46. Kg2 Qd5+
47. Kg1 Qd4+ 48. Kg2 Qxa4 49. Qe5+ Kh7 50. Qc3 Qe4+ 51. Kg1 a4 0-1

[Event "Gibraltar Masters 2015"]
[Site "Caleta ENG"]
[Date "2015.01.29"]
[Round "3.102"]
[White "Opasiak, Dustin Tennessee"]
[Black "Compton, Alistair"]
[Result "0-1"]
[WhiteElo "1729"]
[BlackElo "2071"]
[WhiteFideId "24630217"]
[BlackFideId "4300645"]
[EventDate "2015.01.27"]

1. e4 e6 2. d4 d5 3. Nc3 Bb4 4. e5 Ne7 5. a3 Bxc3+ 6. bxc3 b6 7. Qg4 Ng6 8. h4
h5 9. Qg3 Ba6 10. Bg5 Qd7 11. Bd3 Bxd3 12. Qxd3 Nc6 13. Ne2 Na5 14. a4 c5 15.
O-O cxd4 16. cxd4 Rc8 17. Nc3 Rc4 18. Nb5 O-O 19. g4 a6 20. gxh5 axb5 21. hxg6
fxg6 22. Qxg6 Qf7 23. Qd3 bxa4 24. f4 Rfc8 25. Rf2 Rc3 26. Qa6 Qf5 27. Ra3 Rxc2
28. Rg3 Qe4 29. Bf6 Rc1+ 30. Rf1 Rxf1+ 31. Qxf1 Qxd4+ 32. Kh2 Rc7 33. Qf3 Qe4
34. Qg4 Rc2+ 35. Rg2 Qxg2+ 0-1

[Event "Gibraltar Masters 2015"]
[Site "Caleta ENG"]
[Date "2015.01.29"]
[Round "3.104"]
[White "Lobersli, Henrik Oie"]
[Black "De Haan, Eric"]
[Result "0-1"]
[BlackTitle "FM"]
[WhiteElo "1957"]
[BlackElo "2299"]
[WhiteFideId "1511947"]
[BlackFideId "1005006"]
[EventDate "2015.01.27"]

1. d4 Nf6 2. c4 c5 3. d5 e6 4. Nc3 exd5 5. cxd5 d6 6. Nf3 g6 7. Bg5 h6 8. Bh4 g5
9. Bg3 Nh5 10. e3 Nxg3 11. hxg3 Bg7 12. Nd2 a6 13. a4 Nd7 14. Nc4 Nb6 15. Qb3
Nxc4 16. Bxc4 O-O 17. O-O b6 18. Qc2 Ra7 19. Qd3 g4 20. Ra2 h5 21. Ne2 h4 22.
gxh4 Qxh4 23. g3 Qg5 24. Qb3 Be5 25. Nf4 Bxf4 26. exf4 Qh6 27. Re1 f6 28. Bf1
Bf5 29. Ra3 Rh7 30. Bg2 Rb8 31. Qd1 c4 32. f3 Qh2+ 33. Kf2 Qh5 34. Rae3 Qg6 35.
fxg4 Bxg4 36. Qd4 Rf8 37. Qxb6 Rh2 38. Kg1 Qh5 39. Qxd6 Rf7 40. Re8+ Kg7 41.
R1e7 Rxg2+ 42. Kxg2 Qh3+ 43. Kf2 Qh2+ 44. Ke3 Qg1+ 45. Kd2 Qd4+ 46. Kc1 Qd1# 0-1

[Event "Gibraltar Masters 2015"]
[Site "Caleta ENG"]
[Date "2015.01.29"]
[Round "3.105"]
[White "Buchal, Stephan"]
[Black "Tortolero, Cesar"]
[Result "1-0"]
[WhiteTitle "FM"]
[WhiteElo "2273"]
[BlackElo "1937"]
[WhiteFideId "4603915"]
[BlackFideId "3907368"]
[EventDate "2015.01.27"]

1. Nf3 c5 2. e4 d6 3. Bc4 Nf6 4. Qe2 Nc6 5. h3 a6 6. c3 b5 7. Bb3 e6 8. O-O Be7
9. d4 c4 10. Bc2 O-O 11. e5 Nd5 12. Qe4 g6 13. Bh6 f5 14. exf6 Rxf6 15. Nbd2 Qe8
16. Bg5 Rf5 17. Qh4 Qf7 18. Bxf5 gxf5 19. Bxe7 Ncxe7 20. Qg3+ Ng6 21. Qxd6 Bb7
22. Ng5 1-0

[Event "Gibraltar Masters 2015"]
[Site "Caleta ENG"]
[Date "2015.01.29"]
[Round "3.106"]
[White "Morais, Vitor"]
[Black "Cordes, Hans-Joerg"]
[Result "0-1"]
[BlackTitle "FM"]
[WhiteElo "1934"]
[BlackElo "2262"]
[WhiteFideId "1900552"]
[BlackFideId "4602234"]
[EventDate "2015.01.27"]

1. d4 e6 2. Nf3 d5 3. g3 c5 4. Bg2 Nc6 5. O-O Nf6 6. e3 Be7 7. b3 O-O 8. Bb2 b5
9. dxc5 Bxc5 10. Nbd2 Rb8 11. Ne5 Bb7 12. Ndf3 Qe7 13. a4 b4 14. Rc1 Rbc8 15.
Qe2 Nb8 16. Rfd1 Ba6 17. Qe1 Ne4 18. Bf1 Bd6 19. Bxa6 Nxa6 20. Nd3 Nc3 21. Bxc3
Rxc3 22. Nd4 Rfc8 23. Qd2 g6 24. Nb5 R3c6 25. c3 bxc3 26. Rxc3 Rxc3 27. Nxc3 Bb4
28. Rc1 Rc7 29. Rc2 Ba5 30. Qc1 Nb4 31. Nxb4 Qxb4 32. Nb5 Rxc2 33. Qxc2 Bb6 34.
Qc3 Qxc3 35. Nxc3 a5 36. Kf1 Kf8 37. Nb5 Ke7 38. Ke2 e5 39. Kd3 Kd7 40. Kc3 Bc5
41. Kd3 Kc6 42. f3 f5 43. e4 Bb4 44. h3 h5 45. exd5+ Kxd5 46. g4 e4+ 47. fxe4+
fxe4+ 48. Ke3 Ke5 49. gxh5 gxh5 50. Kf2 Kf4 51. Nc7 Bc5+ 52. Kg2 Ke3 53. Nd5+
Kd2 54. Nf6 Kd3 55. Nxh5 Bd6 56. Nf6 e3 57. Ng4 e2 58. Nf2+ Kc2 0-1

[Event "Gibraltar Masters 2015"]
[Site "Caleta ENG"]
[Date "2015.01.29"]
[Round "3.107"]
[White "Hellwig, Tobias"]
[Black "Lochte, Szilvia"]
[Result "1-0"]
[WhiteElo "2172"]
[BlackElo "1934"]
[WhiteFideId "4695429"]
[BlackFideId "708410"]
[EventDate "2015.01.27"]

1. d4 Nf6 2. c4 e6 3. Nc3 Bb4 4. e3 O-O 5. Ne2 b6 6. a3 Be7 7. e4 d6 8. Ng3 e5
9. d5 a5 10. Bd3 Re8 11. O-O Nbd7 12. Nf5 Nc5 13. Bc2 Bf8 14. Qe2 h6 15. f3 Kh7
16. g4 g6 17. Ng3 Be7 18. Be3 Kg7 19. b4 Ncd7 20. Ba4 Rh8 21. Rac1 axb4 22. axb4
Nh7 23. Bc6 Ra6 24. Bb5 Ra8 25. Ra1 Bb7 26. Rxa8 Bxa8 27. Ra1 Nhf6 28. Ra7 Qc8
29. Qa2 Qb8 30. Bc6 Bxc6 31. dxc6 Nxg4 32. fxg4 Nf6 33. h3 Qc8 34. Kg2 Nh7 35.
Nd5 Bd8 36. Qd2 Bg5 37. Rxc7 1-0

[Event "Gibraltar Masters 2015"]
[Site "Caleta ENG"]
[Date "2015.01.29"]
[Round "3.108"]
[White "Burke, Mitchell R"]
[Black "Beltz, Franziska"]
[Result "1/2-1/2"]
[BlackTitle "WFM"]
[WhiteElo "1928"]
[BlackElo "2130"]
[WhiteFideId "416231"]
[BlackFideId "4681401"]
[EventDate "2015.01.27"]

1. e4 c5 2. Nc3 Nc6 3. f4 g6 4. Nf3 Bg7 5. Bb5 Nd4 6. O-O Nxb5 7. Nxb5 d5 8. e5
a6 9. Nc3 d4 10. Ne4 Qd5 11. d3 Nh6 12. Qe1 b6 13. b4 c4 14. Qe2 Bf5 15. Nf6+
Bxf6 16. exf6 Qe6 17. Qxe6 Bxe6 18. fxe7 Nf5 19. g4 Nxe7 20. Nxd4 Bxg4 21. dxc4
Rc8 22. b5 Rxc4 23. Re1 Kd8 24. Bb2 Re8 25. bxa6 Ra4 26. Nb5 Nc8 27. Bf6+ Kd7
28. Rxe8 Kxe8 29. h3 Bh5 30. Re1+ Kd7 31. a7 Kc6 32. Re5 Nxa7 33. Nxa7+ Rxa7 34.
Re7 Rxa2 35. c3 Bf3 1/2-1/2

[Event "Gibraltar Masters 2015"]
[Site "Caleta ENG"]
[Date "2015.01.29"]
[Round "3.109"]
[White "Amos, Frank"]
[Black "Downey, Keith"]
[Result "1/2-1/2"]
[WhiteElo "2097"]
[BlackElo "1919"]
[WhiteFideId "4635442"]
[BlackFideId "10700250"]
[EventDate "2015.01.27"]

1. e4 c5 2. Nf3 e6 3. d4 cxd4 4. Nxd4 Nc6 5. Be3 Qc7 6. c3 a6 7. g3 d6 8. Bg2
Bd7 9. O-O Nf6 10. f4 Be7 11. Nd2 h5 12. h3 Rc8 13. Qe1 O-O 14. Ne2 b5 15. Bf3
Na5 16. b3 e5 17. Qf2 Rb8 18. Qg2 Qc8 19. Kh2 Nb7 20. Rg1 Nc5 21. f5 d5 22. g4
h4 23. g5 Nfxe4 24. Bxe4 Nxe4 25. Nxe4 dxe4 26. f6 Bc5 27. Bxc5 Qxc5 28. g6 Rb6
29. fxg7 Kxg7 30. gxf7+ Kxf7 31. Raf1+ Ke8 32. Rxf8+ Qxf8 33. Qxe4 Rf6 34. Qxe5+
Re6 35. Qb8+ Ke7 36. Qxf8+ Kxf8 37. Rf1+ Ke7 38. Nd4 Re4 39. Rf3 b4 40. Rd3 bxc3
41. Kg1 Re1+ 1/2-1/2

[Event "Gibraltar Masters 2015"]
[Site "Caleta ENG"]
[Date "2015.01.29"]
[Round "3.110"]
[White "Vanheirzeele, Daniel"]
[Black "Gonzalez Espana, Maria Gabriela"]
[Result "1/2-1/2"]
[BlackTitle "WCM"]
[WhiteElo "2091"]
[BlackElo "1917"]
[WhiteFideId "200425"]
[BlackFideId "22273417"]
[EventDate "2015.01.27"]

1. d4 Nf6 2. c4 g6 3. Nc3 Bg7 4. e4 d6 5. Nf3 O-O 6. Be2 Nbd7 7. O-O e5 8. Qc2
exd4 9. Nxd4 Nc5 10. Rd1 a5 11. Ndb5 Bd7 12. Be3 Re8 13. f3 Rc8 14. a3 Nh5 15.
g4 Nf6 16. h3 Ne6 17. Qd2 Bc6 18. Nd4 Nxd4 19. Bxd4 Nd7 20. Bxg7 Kxg7 21. b4
axb4 22. axb4 b6 23. Nd5 Bxd5 24. cxd5 Qf6 25. Rf1 Qe5 1/2-1/2

[Event "Gibraltar Masters 2015"]
[Site "Caleta ENG"]
[Date "2015.01.29"]
[Round "3.111"]
[White "Weishaeutel, Moritz"]
[Black "Hewson, Brian Wr"]
[Result "0-1"]
[WhiteElo "1905"]
[BlackElo "2084"]
[WhiteFideId "12967300"]
[BlackFideId "437484"]
[EventDate "2015.01.27"]

1. e4 c6 2. Nf3 d5 3. Nc3 Bg4 4. h3 Bxf3 5. Qxf3 e6 6. d4 dxe4 7. Qxe4 Nf6 8.
Qh4 Nbd7 9. Bg5 Qa5 10. Be2 Ne4 11. Qxe4 Qxg5 12. h4 Qa5 13. a3 Nf6 14. Qf3 Bb4
15. Rd1 Bxc3+ 16. Qxc3 Qxc3+ 17. bxc3 O-O-O 18. Bf3 Nd5 19. c4 Nb6 20. c5 Na4
21. Rh3 Kc7 22. Rg3 g6 23. Be2 e5 24. dxe5 Rxd1+ 25. Bxd1 Re8 26. f4 f6 27. Re3
Nxc5 28. Kf2 fxe5 29. Rxe5 Rxe5 30. fxe5 Nd7 31. e6 Nc5 32. e7 Kd7 33. Ke3 Kxe7
34. Kd4 Kd6 35. Bg4 b6 36. c4 Nb3+ 37. Kc3 Na5 38. Bc8 Ke5 39. g4 Kf4 40. Kb4 h5
41. g5 Kg3 42. Bf5 Kxh4 0-1

[Event "Gibraltar Masters 2015"]
[Site "Caleta ENG"]
[Date "2015.01.29"]
[Round "3.112"]
[White "Mahoney, Ian"]
[Black "Cawley, Paul F"]
[Result "0-1"]
[WhiteElo "1838"]
[BlackElo "2070"]
[WhiteFideId "2612674"]
[BlackFideId "417920"]
[EventDate "2015.01.27"]

1. d4 Nf6 2. c4 e6 3. Nf3 d5 4. Nc3 Bb4 5. Bg5 h6 6. Bxf6 Qxf6 7. cxd5 exd5 8.
a3 Bxc3+ 9. bxc3 O-O 10. e3 c5 11. Bd3 c4 12. Bc2 Nc6 13. O-O Bg4 14. h3 Bh5 15.
Rb1 Qe7 16. Re1 f5 17. Rb5 Rad8 18. Qb1 Bxf3 19. gxf3 b6 20. Re2 Qg5+ 21. Kh2
Qh5 22. Qh1 Rf6 23. Rb1 Ne7 24. Ree1 Qh4 25. Re2 Rg6 26. Rg1 Rdd6 27. e4 Rxg1 0-1

[Event "Gibraltar Masters 2015"]
[Site "Caleta ENG"]
[Date "2015.01.29"]
[Round "3.113"]
[White "Skutta, Bernd"]
[Black "Gravett, Alan D"]
[Result "1-0"]
[WhiteElo "2059"]
[BlackElo "1877"]
[WhiteFideId "4666950"]
[BlackFideId "406171"]
[EventDate "2015.01.27"]

1. d4 Nf6 2. Nf3 c5 3. d5 d6 4. Nc3 g6 5. e4 Bg7 6. h3 O-O 7. Bf4 Na6 8. Be2 Nc7
9. a4 Nfe8 10. Qd2 e5 11. dxe6 fxe6 12. Rd1 d5 13. Bg5 Bf6 14. exd5 Bxg5 15.
Nxg5 exd5 16. Nxd5 Rf5 17. Nxc7 Qxc7 18. Bc4+ Kg7 19. O-O Qe5 20. Rfe1 Qf6 21.
Rxe8 Qxg5 22. Qxg5 Rxg5 23. Rdd8 1-0

[Event "Gibraltar Masters 2015"]
[Site "Caleta ENG"]
[Date "2015.01.29"]
[Round "3.114"]
[White "Dasaolu, Rotimi"]
[Black "Curado, Manuel Joao Ferro"]
[Result "1-0"]
[WhiteElo "2053"]
[BlackElo "1860"]
[WhiteFideId "8500150"]
[BlackFideId "1905112"]
[EventDate "2015.01.27"]

1. e4 c5 2. Nf3 Nf6 3. e5 Nd5 4. Nc3 Nc7 5. d4 cxd4 6. Qxd4 Nc6 7. Qh4 d5 8. Bd3
Bd7 9. O-O e6 10. Qg3 Nb4 11. Bg5 Be7 12. Bxe7 Qxe7 13. Qxg7 O-O-O 14. Qf6 Qxf6
15. exf6 Nxd3 16. cxd3 Ne8 17. Ng5 Nd6 18. Rac1 Kb8 19. Nf3 Rhg8 20. Ne5 Rg5 21.
f4 Rf5 22. g4 Rxf6 23. g5 Rf5 24. Ne2 f6 25. Nxd7+ Rxd7 26. Ng3 fxg5 27. Nxf5
Nxf5 28. fxg5 Rg7 29. Kf2 1-0

[Event "Gibraltar Masters 2015"]
[Site "Caleta ENG"]
[Date "2015.01.29"]
[Round "3.115"]
[White "Christophe-hayot, Romain"]
[Black "Gieritz, Dietmar"]
[Result "0-1"]
[WhiteElo "1793"]
[BlackElo "2048"]
[WhiteFideId "698024"]
[BlackFideId "4643178"]
[EventDate "2015.01.27"]

1. e4 e6 2. d4 d5 3. e5 c5 4. c3 Nc6 5. Bb5 Qb6 6. Bxc6+ bxc6 7. Nf3 Ba6 8. Qb3
Rb8 9. Qxb6 Rxb6 10. b3 cxd4 11. Nxd4 c5 12. Nf3 f6 13. Bf4 g5 14. Bg3 g4 15.
Nh4 Bg7 16. f4 fxe5 17. fxe5 Ne7 18. Kd2 O-O 19. Na3 Bh6+ 20. Kc2 Nc6 21. Rhe1
d4 22. Nc4 Bxc4 23. bxc4 d3+ 24. Kxd3 Rb2 25. Rad1 Na5 26. Re4 Rd8+ 27. Rd4 cxd4
28. cxd4 Rxa2 29. c5 Rb8 30. d5 Rb3+ 31. Ke4 Ra4+ 0-1